Colleges have done a bad job of explaining affirmative action to students, critics say (Record no. 64275)

MARC details
000 -CABECERA
campo de control de longitud fija 00646nam a2200217 a 4500
005 - FECHA Y HORA DE LA ÚLTIMA TRANSACCIÓN
campo de control 20210219152936.0
008 - ELEMENTOS DE LONGITUD FIJA--INFORMACIÓN GENERAL
campo de control de longitud fija 991125n 000 0 u
035 ## - NÚMERO DE CONTROL DEL SISTEMA
Número de control de sistema UPN01000067945
100 ## - ASIENTO PRINCIPAL--NOMBRE PERSONAL
Nombre de persona Colison, Michele
222 ## - TÍTULO CLAVE
Título clave CHRONICLE OF HIGHER EDUCATION
245 ## - MENCIÓN DE TÍTULO
Título Colleges have done a bad job of explaining affirmative action to students, critics say
300 ## - DESCRIPCIÓN FÍSICA
Extensión A37-A38
362 ## - FECHAS DE PUBLICACIÓN Y/O DESIGNACIÓN SECUENCIAL
Fecha de publicación y/o designación secuencial 38, No. 22, 1992
505 ## - NOTA DE CONTENIDO CON FORMATO PREESTABLECIDO
Nota de contenido con formato Junio 1992
653 0# - TERMINO DE INDIZACION - NO CONTROLADO
Término no controlado ACTITUDES DEL ESTUDIANTE
653 0# - TERMINO DE INDIZACION - NO CONTROLADO
Término no controlado DISCRIMINACION RACIAL
653 0# - TERMINO DE INDIZACION - NO CONTROLADO
Término no controlado MEDIDAS AFIRMATIVAS
653 0# - TERMINO DE INDIZACION - NO CONTROLADO
Término no controlado RECLUTAMIENTO DE ESTUDIANTES
904 ## - ELEMENTOS DE DATOS D LOCAL, LDD (RLIN)
a AC
b 005756
905 ## - TIPO DE MATERIAL
Tipo de material Articulo

No items available.